书目信息 |
| 题名: |
以案说法—电力设施保护条例
|
|
| 作者: | 宋富法 , 王英 编著 | |
| 分册: | ||
| 出版信息: | 北京 中国社会出版社 2008.01 |
|
| 页数: | 143页 | |
| 开本: | 21cm | |
| 丛书名: | 以案说法丛书 | |
| 单 册: | ||
| 中图分类: | D922.296 | |
| 科图分类: | ||
| 主题词: | 电气设备--dian qi she bei--保护--条例--案例--分析--中国 | |
| 电子资源: | ||
| ISBN: | 978-7-5087-1821-7 | |
| 000 | 00982nam 2200265 450 | |
| 001 | 012008806943 | |
| 005 | 20080626113300.72 | |
| 010 | @a978-7-5087-1821-7@dCNY8.00 | |
| 100 | @a20080626d2008 em y0chiy0120 ea | |
| 101 | 0 | @achi |
| 102 | @aCN@b110000 | |
| 105 | @ay z 000yy | |
| 106 | @ar | |
| 200 | 1 | @a以案说法—电力设施保护条例@Ayi an shuo fa—dian li she shi bao hu tiao li@f宋富法, 王英编著@Fsong fu fa,wang ying bian zhu |
| 210 | @a北京@c中国社会出版社@d2008.01 | |
| 215 | @a143页@d21cm | |
| 225 | 2 | @a以案说法丛书@Ayi an shuo fa cong shu |
| 330 | @a本书以丰富的案例解释了电力设施保护条例,并附有相应的《中华人民共和国电力法》、《电力设施保护条例》以及《电力设施保护条例实施细则》。 | |
| 410 | 0 | @12001 @a以案说法丛书 |
| 606 | 0 | @a电气设备@Adian qi she bei@x保护@x条例@x案例@x分析@y中国 |
| 690 | @aD922.296@v4 | |
| 701 | 0 | @a宋富法@Asong fu fa@4编著 |
| 701 | 0 | @a王英@Awang ying@4编著 |
| 801 | 0 | @aCN@bQSSK@c20080626 |
| 905 | @b729640-42@dD922.296@eS760@f3 | |
| 以案说法—电力设施保护条例/宋富法, 王英编著.-北京:中国社会出版社,2008.01 |
| 143页;21cm.-(以案说法丛书) |
| ISBN 978-7-5087-1821-7:CNY8.00 |
| 本书以丰富的案例解释了电力设施保护条例,并附有相应的《中华人民共和国电力法》、《电力设施保护条例》以及《电力设施保护条例实施细则》。 |
| ● |
| 相关链接 |
|
|
|
正题名:以案说法—电力设施保护条例
索取号:D922.296/S760
 
预约/预借
| 序号 | 登录号 | 条形码 | 馆藏地/架位号 | 状态 | 备注 |
| 1 | 729640 | 207296406 | 社科库509/509社科库 88排2列6层/ [索取号:D922.296/S760] | 在馆 | |
| 2 | 729641 | 207296415 | 社科库509/509社科库 88排2列6层/ [索取号:D922.296/S760] | 在馆 | |
| 3 | 729642 | 207296424 | 社科库509/509社科库 88排2列6层/ [索取号:D922.296/S760] | 在馆 |